| Tag |
First Indicator |
Second Indicator |
Subfields |
| LEADER |
00000cam a22000001 4500 |
| 001 |
in00000099405 |
| 005 |
20150926125610.0 |
| 008 |
700217s1965 pl a b 00000 eng |
| 010 |
|
|
|a 70000334
|
| 035 |
|
|
|a (OCoLC)00036314
|
| 035 |
|
|
|9 AAL3826AM
|
| 040 |
|
|
|a DLC
|c DLC
|d TXA
|d UtOrBLW
|
| 041 |
1 |
|
|a eng
|a pol
|
| 049 |
|
|
|a TXAM
|c [1349682]
|
| 050 |
0 |
0 |
|a TP325
|b .S43
|
| 082 |
0 |
|
|a 662/.62
|
| 245 |
0 |
0 |
|a Selected translations on coal processing /
|c Translated from Polish [by Roman Pampuch].
|
| 264 |
|
1 |
|a Warsaw :
|b Published for the U.S. Dept. of the Interior and the National Science Foundation, Washington, D.C., by the Scientific Publications Foreign Cooperation Center of the Central Institute for Scientific, Technical and Economic Information; [available from the U.S. Dept. of Commerce, Clearinghouse for Federal Scientific and Technical Information, Springfield, Va.],
|c 1965.
|
| 300 |
|
|
|a 306 pages :
|b illustrations ;
|c 24 cm.
|
| 336 |
|
|
|a text
|b txt
|2 rdacontent
|
| 337 |
|
|
|a unmediated
|b n
|2 rdamedia
|
| 338 |
|
|
|a volume
|b nc
|2 rdacarrier
|
| 500 |
|
|
|a "Translated reprint from the Papers of the Main Institute of Mining, Papers of the Institutes of the Ministry of Metallurgy, and from the journal Coke-tar-gas."
|
| 504 |
|
|
|a Includes bibliographical references.
|
| 650 |
|
0 |
|a Coal
|x Translations from Polish.
|
| 700 |
1 |
|
|a Pampuch, Roman.
|
| 999 |
|
|
|a MARS
|
| 999 |
f |
f |
|s 3f10946e-e60e-346f-ba4a-61a5b2bb8096
|i 442f11d8-a612-38f0-8165-a62792127cd1
|t 0
|
| 952 |
f |
f |
|p ric
|a Texas A&M University
|b Rellis Campus
|c Joint Library Facility
|d Remote Storage
|t 0
|e TP325 .S43
|h Library of Congress classification
|i unmediated -- volume
|m A14805605014
|
| 998 |
f |
f |
|a TP325 .S43
|t 0
|l Remote Storage
|